00413nam a22001577a 450000500170000000800410001702400080005804000070006604100080007308200190008110000130010024500230011326000420013636500590017844000180023720241210112759.0241210b ||||| |||| 00| 0 eng d 2P-4 cAL aeng 223a345 bBARP aBare Act aPassports Act 1967 aNew DelhibUniversal LexisNexisc2024 2Lawa1060b₹ 160.60c₹d₹220.00e27%f28/11/2024 aBare Act 2024